000 00679nam a2200241Ia 4500
003 OSt
005 20221007072213.0
006 a|||||r|||| 00| 0
007 ta
008 221006b |||||||| |||| 00| 0 eng d
024 _a44,897
037 _cTextual
040 _aFLL
_cFLL
_beng
041 _2eng
_aeng
082 _aZ1,215, Q1
100 _aGUTIERREZ Norman A. Martinez
_9690247
245 0 _aLimitation of liability in international maritime conventions
250 _a1st
260 _aLondon
_bRoutledge UK
_c2011
300 _ailxxix,412p.
_ccm.
942 _hZ1,215, Q1
_cTEXL
_2CC
999 _c1145426
_d1145426